Harry Potter characters by their initials Quiz Stats

 Plays Quiz not verified by Sporcle

Challenge
Share
Tweet
Embed
Score 0/33 Timer 10:00
0 Plays Today
Initials Character % Correct
HPHarry Potter
100%
RWRon Weasley
96.8%
HGHermione Granger
96.3%
CCCho Chang
94.9%
NLNeville Longbottom
88.8%
DTDean Thomas
85.6%
TRTom Riddle
82.7%
PPParvati Patil
82.4%
SFSeamus Finnigan
82.4%
DMDraco Malfoy
81.9%
PPPadma Patil
81.4%
OWOliver Wood
79.3%
LBLavender Brown
78.5%
VCVincent Crabbe
76.6%
GGGregory Goyle
75.8%
ADAlbus Dumbledore
75%
KBKatie Bell
74.5%
Initials Character % Correct
JPJames Potter
73.1%
VKViktor Krum
72.6%
AJAngelina Johnson
71.3%
FDFleur Delacour
70.7%
CCColin Creevey
70.2%
MMMinerva Mcgonagall
68.9%
AMAlastor Moody
66.2%
DUDolores Umbridge
65.7%
HAHannah Abbott
64.9%
NTNymphadora Tonks
64.4%
ASAlicia Spinnet
63.6%
SBSusan Bones
63.6%
EMErnie Macmillan
57.7%
JF-FJustin Finch-Fletchley
57.7%
SBSirius Black
55.3%
NMNatalie Mcdonald
18.1%

You're not logged in!

Compare scores with friends on all Sporcle quizzes.
Join for Free
OR
Log In

You Might Also Like...

Show Comments

Extras

Top Quizzes Today


Score Distribution

Your Account Isn't Verified!

In order to create a playlist on Sporcle, you need to verify the email address you used during registration. Go to your Sporcle Settings to finish the process.

Report this User

Report this user for behavior that violates our Community Guidelines.

Details: